Third party product reviews and consumer behaviour : a dichotomous measuring via rasch, paired comparison and graphical chain models.

Bibliographic Details
Main Author: Ziniel
Format: Book
Published: Wiesbaden: Springer Fachmedien Wiesbaden, 2013.
Subjects:
LEADER 00522cam a2200145 7i4500
001 0000031382
005 20140529090000.0
090 0 0 |a I 658.8342   |b ZIN 
100 1 0 |a Ziniel  
245 1 0 |a Third party product reviews and consumer behaviour :   |b a dichotomous measuring via rasch, paired comparison and graphical chain models. 
260 0 0 |a Wiesbaden:   |b Springer Fachmedien Wiesbaden,   |c 2013. 
300 # # |a 183 p. 
650 0 0 |a Market surveys  
650 0 0 |a Consumer behavior  
999 |a 0000034222  |b Book  |c International  |e Business Information Centre